00635nam a2200217 a 450000500170000000800410001701000130005802000230007103500130009403700080010704000180011508200110013310000210014424500440016525000130020926000370022227000490025930000420030850000230035052000440037320100405161557.0081231s2009 ii a 000 0 eng d aB-379460 c295.00a8172340079 aB-379460 bUBH adplbEnglish  a954.16 aSahai, Surendra  aDelhi Agra Jaipur /cby Surendra Sahai  a3rd ed.  aNew Delhi bPrakash Books c2005 a1, Ansari Road, DaryaganjbNew Delhie110002 a95p. :bcol. photos,mapsc25cm(pbk)  aIncludes glossary  aChiefly pictorial work on Delhi, India.